000 00442nam a22001457a 4500
005 20180531133720.0
020 _a8186618066
_cRs. 300.00 (hbk)
035 _aB-35060, B-035062
037 _aDPL
_bENG
100 _aPonnaian, M.
245 _aInvisible toilers and moilers :
_bMissing persons /
_cby M. Ponnaian
260 _aPondicherry
_bP R Books
_c1999
300 _axiv, 238p.
_c18 cms.
942 _2ddc
_cEN
_h363.2336
_mPON
999 _c67868
_d67868